000
00232nam a22001097a 4500
082
_a
515COC
100
_a
Cochran
245
_a
Advanced engineering mathematics
260
_a
California
_b
Books
_c
1987
300
_a
659p
942
_c
BK
999
_c
14792
_d
14792